[Event "British Rapidplay"]
[Site "Peterborough"]
[Date "2025.03.01"]
[Round "5"]
[White "Mordyl, Monika"]
[Black "Naylor, Michael A"]
[Result "0-1"]
[WhiteElo "1649"]
[BlackElo "1989"]
[PlyCount "38"]
[EventDate "2025.03.01"]
[EventType "swiss (rapid)"]
[EventRounds "11"]
[EventCountry "ENG"]
[SourceTitle "CB10_2025"]
[SourceDate "2025.03.05"]
[SourceVersion "1"]
[SourceVersionDate "2025.03.05"]
[SourceQuality "1"]

1. d4 f5 2. Nc3 d5 3. Bf4 c6 4. e3 Nf6 5. Be5 e6 6. Bd3 Bd6 7. Bxf6 Qxf6 8. Nf3 0-0 9. Qd2 Nd7 10. 0-0-0 a6 11. h4 c5 12. Rdg1 c4 13. Be2 b5 14. b3 Bb4 15. Kb2 Qe7 16. Qd1 Nf6 17. Ne5 Bxc3+ 18. Kxc3 Qa3 19. Qb1 Ne4# 0-1